| 000 | 00637nam a2200229Ia 4500 | ||
|---|---|---|---|
| 999 |
_c19360 _d19360 |
||
| 001 | 18977 | ||
| 003 | OSt | ||
| 005 | 20200917113134.0 | ||
| 008 | 140407s9999 xx 000 0 und d | ||
| 020 | _a0-13-571217-3 | ||
| 040 | _cPK-LaUMT | ||
| 082 |
_a 657.42 _bHOR-C |
||
| 100 | _aCharles T. Horngren | ||
| 245 |
_aCost accounting: _bA managerial emphasis. _cCharles T. Horngren<>George Foster<>Srikant M. Datar |
||
| 260 |
_aLondon,UK: _bPrentice-Hall International, _c1997 |
||
| 300 | _a1012 p. | ||
| 546 | _aEN | ||
| 650 | _aCost accounting | ||
| 700 | _aGeorge Foster | ||
| 700 | _aSrikant M. Datar | ||
| 942 |
_cWEEDED OUT _2ddc |
||